Computer Course (Record no. 302441)

MARC details
000 -LEADER
fixed length control field 00385nam a2200157Ia 4500
008 - FIXED-LENGTH DATA ELEMENTS--GENERAL INFORMATION
fixed length control field 230718s9999 xx 000 0 und d
041 ## - LANGUAGE CODE
Language code of text/sound track or separate title eng
082 ## - DEWEY DECIMAL CLASSIFICATION NUMBER
Classification number 004
Item number NAG
100 ## - MAIN ENTRY--PERSONAL NAME
Personal name Nagpal D.P.
9 (RLIN) 116307
245 ## - TITLE STATEMENT
Title Computer Course
260 ## - PUBLICATION, DISTRIBUTION, ETC. (IMPRINT)
Date of publication, distribution, etc. 2001
Name of publisher, distributor, etc. Wheeler A H
300 ## - PHYSICAL DESCRIPTION
Extent 659
365 ## - TRADE PRICE
Currency code Rs.
Price amount 320.00
700 ## - ADDED ENTRY--PERSONAL NAME
Personal name Nagpal D.P.
9 (RLIN) 116307
906 ## - LOCAL DATA ELEMENT F, LDF (RLIN)
d B:110801-Nov-2001
c COMP
b 48
Holdings
Withdrawn status Lost status Damaged status Not for loan Home library Current library Date acquired Vendor Budget Code Cost, normal purchase price Bill number Total Checkouts Full call number Barcode Date last seen Discount Cost, replacement price Bill Date Koha item type Original Barcode
        Cummins College of Engineering for Women Pune Cummins College of Engineering for Women Pune 02/11/2001 MBS COMP 272.00 1108   004 CCEP-BK-13648 18/07/2023 48 320.00 01/11/2001 Books 013648